000 00896cab a2200313 4500
001 ABS51042
008 090401t1994 xxu||||| |||| 00| 0 eng d
035 _a(Sirsi) u6420
041 _aeng
100 _aCooper, P.
245 _aBattle is on to rebuild Beirut
260 _c1994
350 _a0
490 _aConstruction News
_v(6376) 4 August 1994, 13(1)
520 _aInvestigates the contracts for rebuilding Lebanon: who are winning the contracts and from where the funding is coming.
650 _aBEIRUT
650 _aBUILDING PROJECTS
650 _aCOUNCIL FOR DEVELOPMENT AND RECONSTRUCTION
650 _aFUNDING
650 _aLAING
650 _aLEBANON
650 _aREBUILDING
650 _aSANCTIONS
650 _aUNITED STATES
690 _aBUILDING AND CONSTRUCTION-PROJECTS
690 _aOVERSEAS-REST OF THE WORLD
942 _n0
948 _c04/03/1997
999 _c3863
_d3863